| 000 | 01329cam a2200361 i 4500 | ||
|---|---|---|---|
| 999 |
_c64851 _d64851 |
||
| 001 | 857981037 | ||
| 003 | OCoLC | ||
| 005 | 20190227132529.0 | ||
| 008 | 131029s2014 miu g b 001 0 eng | ||
| 010 | _a2013029794 | ||
| 020 | _a0802869637 | ||
| 020 | _a9780802869630 (pbk.) | ||
| 024 | 8 | _a40023414829 | |
| 040 |
_aDLC _bspa _erda _cCO-MdFUSB _dBTCTA _dBDX _dIMC _dTLE _dWIO _dYDXCP _dCHVBK _dUWT _dOCLCO _dYUS |
||
| 041 | _aeng | ||
| 042 | _apcc | ||
| 082 |
_224 _aG 220.13 _bG776i |
||
| 100 | 1 |
_aGraves, Michael, _d1973- _eautor |
|
| 245 | 1 | 4 |
_aThe inspiration and interpretation of scripture _b: what the early church can teach us _c/ Michael Graves. |
| 264 | 1 |
_aGrand Rapids, Michigan ; _aCambridge, U.K. : _bWilliam B. Eerdmans Publishing Company, _c℗2014. |
|
| 264 | 4 | _c©2014 | |
| 300 |
_aviii, 201 páginas ; _c23 cm. |
||
| 336 |
_2rdacontent. _atexto _btxt |
||
| 337 |
_2rdamedia. _asin mediación _bn |
||
| 338 |
_2rdacarrier. _avolumen _bnc |
||
| 501 | _aIncluye índices (páginas 182- 201) | ||
| 505 | 0 | _aIntroducción -- Utilidad -- La dimensión espiritual y sobrenatural -- Modo de expresión -- Historicidad y factualidad -- Acuerdo con la verdad -- Conclusiones | |
| 630 | 0 | 7 |
_aBiblia _xCanon |
| 650 | 0 |
_aInspiración _91075 |
|
| 942 | _cBK | ||